[Event "Eliminajce strefowe do OOM OP/SL - D13"]
[Site "OW Sudety Pokrzywna"]
[Date "2023.??.??"]
[Round "1.1"]
[White "Figa, Karolina"]
[Black "Slanina, Agnieszka"]
[Result "1/2-1/2"]
[BlackElo "1186"]
[EventDate "2023.??.??"]
[PlyCount "91"]
[WhiteElo "1628"]

1. d4 d5 2. c4 dxc4 3. Nf3 Nf6 4. Nc3 e6 5. e3 c5 6. Bxc4 cxd4 7. Qxd4 Qxd4 8.
Nxd4 a6 9. Bd2 b5 10. Be2 Bb7 11. f3 Nc6 12. Nxc6 Bxc6 13. Nd1 Be7 14. Rc1 Rc8
15. a4 O-O 16. Kf2 Bd7 17. Nc3 b4 18. Na2 a5 19. b3 Rxc1 20. Nxc1 Rc8 21. Bc4
Bc5 22. Nd3 Bb6 23. Ne5 Rd8 24. Ke2 Bc7 25. Nd3 Ne8 26. e4 Nd6 27. Rc1 Bb6 28.
Ne5 Be8 29. Be3 Bxe3 30. Kxe3 Kf8 31. Bd3 f6 32. Ng4 e5 33. g3 Rc8 34. Rxc8
Nxc8 35. f4 h5 36. Nf2 Bf7 37. Bc2 Na7 38. fxe5 fxe5 39. Nh3 Nc6 40. Ng5 Nd4
41. Nxf7 Nxc2+ 42. Kd3 Kxf7 43. Kxc2 Ke6 44. Kd3 Kd6 45. Kd2 g5 46. h3  1/2-1/2

[Event "Eliminajce strefowe do OOM OP/SL - D13"]
[Site "OW Sudety Pokrzywna"]
[Date "2023.??.??"]
[Round "1.2"]
[White "Mamak, Malgorzata"]
[Black "Strzoda, Natalia"]
[Result "0-1"]
[BlackElo "1249"]
[EventDate "2023.??.??"]
[PlyCount "78"]
[WhiteElo "1159"]

1. d4 d5 2. c4 e6 3. cxd5 exd5 4. Nc3 c6 5. Bf4 Bd6 6. Bxd6 Qxd6 7. Nf3 Bf5 8.
e3 Nf6 9. Bd3 Bxd3 10. Qxd3 Nbd7 11. h3 O-O 12. Qf5 Rfe8 13. Rc1 Re7 14. O-O
Ne4 15. Rfd1 Qf6 16. Qg4 Nb6 17. Rc2 Nc4 18. Nxe4 Rxe4 19. Qd7 Qe7 20. Qxe7
Rxe7 21. Re1 Rae8 22. Nd2 Nxd2 23. Rxd2 f5 24. g3 g5 25. h4 gxh4 26. gxh4 Re4
27. Kf1 Rxh4 28. Ke2 Kf7 29. Rdd1 Rg4 30. Rh1 Kg6 31. Rh3 Rh8 32. Rdh1 h5 33.
R3h2 Kg5 34. Rh3 h4 35. Kf1 Rh5 36. f3 Rg3 37. f4+ Kg4 38. Rxg3+ hxg3 39. Rg1
Rh2  0-1

[Event "Eliminajce strefowe do OOM OP/SL - D13"]
[Site "OW Sudety Pokrzywna"]
[Date "2023.??.??"]
[Round "1.3"]
[White "Rduch, Diana"]
[Black "Piotrowska, Jadwiga"]
[Result "1-0"]
[BlackElo "1054"]
[EventDate "2023.??.??"]
[PlyCount "151"]
[WhiteElo "1201"]

1. e4 e5 2. Nf3 Nf6 3. d4 exd4 4. e5 Nd5 5. Qxd4 Nb6 6. Be2 Nc6 7. Qd1 d6 8. Bf4
Bf5 9. exd6 Bxd6 10. Bxd6 Qxd6 11. Qxd6 cxd6 12. c3 O-O-O 13. Na3 Rhe8 14. Rd1
Rd7 15. Nb5 d5 16. Nfd4 Nxd4 17. Nxd4 Bg6 18. Kd2 a6 19. Rhe1 Rde7 20. b3 Nd7
21. Bg4 Rxe1 22. Rxe1 Rxe1 23. Kxe1 Kc7 24. Bf5 Bxf5 25. Nxf5 g6 26. Nd4 Kd6
27. Ke2 Ne5 28. h3 Kc5 29. Ke3 Nc6 30. Nxc6 bxc6 31. Kd3 Kd6 32. f4 f5 33. b4
c5 34. a3 Kc6 35. a4 Kb6 36. c4 cxb4 37. cxd5 b3 38. Kc3 Kc5 39. Kxb3 Kxd5 40.
Kb4 Kc6 41. a5 Kd5 42. g3 h5 43. h4 Kc6 44. Kc4 Kd6 45. Kd4 Kc6 46. Ke5 Kb5 47.
Kf6 Kxa5 48. Kxg6 Kb5 49. Kxf5 a5 50. Kg5 a4 51. f5 a3 52. f6 a2 53. f7 a1=Q
54. f8=Q Qg1 55. Qf5+ Kb6 56. Qe6+ Kb7 57. Qb3+ Kc6 58. Qf3+ Kd7 59. Kxh5 Qc5+
60. Kg4 Qc4+ 61. Qf4 Qg8+ 62. Kh3 Ke7 63. Qg5+ Qxg5 64. hxg5 Kf7 65. Kg4 Kg6
66. Kf4 Kg7 67. Kf5 Kf7 68. g6+ Kg7 69. Kg5 Kg8 70. Kf6 Kf8 71. g7+ Kg8 72. g4
Kh7 73. Kf7 Kh6 74. g5+ Kxg5 75. g8=Q+ Kh5 76. Kf6  1-0

[Event "Eliminajce strefowe do OOM OP/SL - D13"]
[Site "OW Sudety Pokrzywna"]
[Date "2023.??.??"]
[Round "1.4"]
[White "Kula, Helena"]
[Black "Nowicka, Marlena"]
[Result "1/2-1/2"]
[BlackElo "1200"]
[EventDate "2023.??.??"]
[PlyCount "94"]
[WhiteElo "1015"]

1. e4 e6 2. d4 d5 3. Nc3 Nf6 4. Bg5 Be7 5. Bxf6 Bxf6 6. e5 Be7 7. Nf3 c5 8. Bb5+
Bd7 9. O-O O-O 10. Qe2 a6 11. Bxd7 Qxd7 12. b3 Nc6 13. Na4 Qc7 14. dxc5 Rac8
15. a3 Rfd8 16. c3 Qa5 17. Nb6 Rc7 18. b4 Qb5 19. Qd2 Na7 20. a4 Qe8 21. Qf4
Nc6 22. Ng5 Bxg5 23. Qxg5 Nb8 24. f4 Nd7 25. Rf3 Nxb6 26. cxb6 Rc4 27. Rg3 Qf8
28. Qh4 h6 29. Qxh6 g6 30. Qh4 Rdc8 31. Rc1 a5 32. Rh3 Qg7 33. bxa5 Rxa4 34.
Qe7 Rxa5 35. Qxb7 Qf8 36. Re3 Rb5 37. Qa6 Qe8 38. Ra1 Rb8 39. h3 R5xb6 40. Qa2
Rc6 41. Qf2 Rbc8 42. Ra3 Rc4 43. Qg3 Qb5 44. Rf3 Qb2 45. Ra7 Rxc3 46. Rxc3 Qxc3
47. Qxc3 Rxc3  1/2-1/2

[Event "Eliminacje strefowe do OOM OP/SL - D13"]
[Site "OW Sudety Pokrzywna"]
[Date "2023.??.??"]
[Round "2.1"]
[White "Strzoda, Natalia"]
[Black "Rduch, Diana"]
[Result "1-0"]
[BlackElo "1201"]
[EventDate "2023.??.??"]
[PlyCount "63"]
[WhiteElo "1249"]

1. e4 c5 2. Nf3 d6 3. d4 cxd4 4. Nxd4 Nf6 5. Nc3 g6 6. Be3 Bg7 7. Bc4 Ng4 8.
Bb5+ Kf8 9. O-O a6 10. Bc4 Qc7 11. Be2 h5 12. Nd5 Qd8 13. h3 e6 14. Nc3 e5 15.
Nf3 Nxe3 16. fxe3 Bh6 17. Nxe5 Bxe3+ 18. Kh1 Rh7 19. Bc4 f6 20. Qd5 Rg7 21.
Nxg6+ Ke8 22. Rf3 Bd4 23. Rd1 Nc6 24. Qxh5 Kd7 25. Nd5 Qe8 26. Rxd4 Nxd4 27.
Nxf6+ Kd8 28. Nxe8 Kxe8 29. Qh8+ Rg8 30. Qxg8+ Kd7 31. Qf7+ Kc6 32. Qd5+  1-0

[Event "Eliminacje strefowe do OOM OP/SL - D13"]
[Site "OW Sudety Pokrzywna"]
[Date "2023.??.??"]
[Round "2.2"]
[White "Poloczek, Maja"]
[Black "Figa, Karolina"]
[Result "0-1"]
[BlackElo "1628"]
[EventDate "2023.??.??"]
[PlyCount "78"]
[WhiteElo "1189"]

1. e4 e5 2. Nf3 Nc6 3. Bc4 Nf6 4. d3 Bc5 5. c3 d6 6. Bg5 h6 7. Bh4 a5 8. Nbd2
O-O 9. O-O Be6 10. a4 d5 11. Bxf6 gxf6 12. Bb3 Kh7 13. Nh4 Rg8 14. h3 Ne7 15.
Qf3 Qd7 16. Kh1 c6 17. Rg1 Ng6 18. Nxg6 Rxg6 19. Nf1 Rag8 20. Ng3 Bxf2 21. Qxf2
Rxg3 22. Kh2 R3g6 23. Bd1 Bxh3 24. Bf3 Bg4 25. Raf1 Rg5 26. Rh1 f5 27. Qe2 f4
28. Kg1 f5 29. Rf2 fxe4 30. dxe4 d4 31. Qd3 c5 32. c4 Bxf3 33. Qxf3 Qxa4 34. b3
Qe8 35. Qh3 Qg6 36. Qf3 Rg3 37. Qe2 Rxb3 38. Qh5 Rb1+ 39. Rf1 Qxg2#  0-1

[Event "Eliminacje strefowe do OOM OP/SL - D13"]
[Site "OW Sudety Pokrzywna"]
[Date "2023.??.??"]
[Round "2.3"]
[White "Nowicka, Marlena"]
[Black "Mrozek, Paulina"]
[Result "0-1"]
[BlackElo "1198"]
[EventDate "2023.??.??"]
[PlyCount "94"]
[WhiteElo "1200"]

1. d4 Nf6 2. b3 e6 3. Bb2 d5 4. e3 Be7 5. Bd3 O-O 6. Nf3 Nbd7 7. O-O b6 8. Nbd2
Bb7 9. Qe2 h6 10. Ne5 c5 11. Rac1 Rc8 12. c4 dxc4 13. Bxc4 Qc7 14. Nxd7 Qxd7
15. dxc5 Rxc5 16. Rfd1 Qc6 17. f3 b5 18. Bd3 Rxc1 19. Rxc1 Qb6 20. Kh1 a6 21.
Bd4 Qd6 22. Bxf6 Bxf6 23. Be4 Bxe4 24. Nxe4 Qe5 25. Nc5 Qd6 26. Kg1 Rc8 27. Qc2
Be7 28. b4 Qe5 29. e4 Qd4+ 30. Kf1 Qxb4 31. Qd3 Rxc5 32. Rd1 Rc3 33. Qd2 Qc4+
34. Ke1 Rc2 35. Qe3 Bb4+ 36. Rd2 Bxd2+ 37. Qxd2 Rxd2 38. Kxd2 Qxa2+ 39. Ke3
Qxg2 40. Kf4 Qxh2+ 41. Ke3 b4 42. Kd3 b3 43. Ke3 b2 44. Kd3 b1=R 45. Ke3 Rb3+
46. Kd4 Qd2+ 47. Ke5 Rb5#  0-1

[Event "Eliminacje strefowe do OOM OP/SL - D13"]
[Site "OW Sudety Pokrzywna"]
[Date "2023.??.??"]
[Round "2.4"]
[White "Slanina, Agnieszka"]
[Black "Kula, Helena"]
[Result "1-0"]
[BlackElo "1015"]
[EventDate "2023.??.??"]
[PlyCount "125"]
[WhiteElo "1186"]

1. d4 Nf6 2. Nf3 c5 3. d5 g6 4. c4 b5 5. Nbd2 Bb7 6. e4 d6 7. cxb5 a6 8. Qc2
Nbd7 9. bxa6 Bxa6 10. Bc4 Bg7 11. O-O O-O 12. a3 Qb6 13. Rb1 Ne8 14. Bxa6 Qxa6
15. b4 cxb4 16. Rxb4 e6 17. dxe6 fxe6 18. Nd4 Bxd4 19. Rxd4 e5 20. Qc4+ Kh8 21.
Qxa6 Rxa6 22. Rb4 Nc5 23. f3 Ng7 24. Nc4 Nge6 25. Rd1 Nd4 26. Bb2 Nce6 27. Bxd4
Nxd4 28. Rb6 Rxb6 29. Nxb6 Rb8 30. Rb1 Nc2 31. a4 Na3 32. Rb2 Rb7 33. Nc4 Rxb2
34. Nxb2 Nc2 35. Nc4 Kg7 36. Nxd6 Nb4 37. Kf1 Kf6 38. Ke2 Ke6 39. Nc4 h5 40. a5
Na6 41. Kd2 g5 42. Ke2 h4 43. Kf2 Kf6 44. h3 Ke6 45. g3 Kf6 46. g4 Ke6 47. Ke3
Kf6 48. Kd2 Ke6 49. Kc3 Kd7 50. Nxe5+ Kc7 51. Kc4 Kb7 52. Nf7 Nc7 53. Nxg5 Ka6
54. Kb4 Nb5 55. Nf7 Nd4 56. Ne5 Nc2+ 57. Ka4 Ne3 58. g5 Nd1 59. g6 Nb2+ 60. Kb4
Nd1 61. g7 Ne3 62. g8=Q Nc2+ 63. Ka4  1-0

[Event "Eliminacje strefowe do OOM OP/SL - D13"]
[Site "OW Sudety Pokrzywna"]
[Date "2023.??.??"]
[Round "3.1"]
[White "Figa, Karolina"]
[Black "Strzoda, Natalia"]
[Result "1/2-1/2"]
[BlackElo "1249"]
[EventDate "2023.??.??"]
[PlyCount "68"]
[WhiteElo "1628"]

1. d4 Nf6 2. c4 e6 3. Nc3 Bb4 4. f3 c5 5. d5 b5 6. e4 d6 7. Bd3 Nbd7 8. Ne2 Nb6
9. a3 bxc4 10. Bxc4 Bxc3+ 11. Nxc3 Nxc4 12. Qa4+ Bd7 13. Qxc4 a6 14. O-O O-O
15. Bg5 h6 16. Bh4 e5 17. f4 exf4 18. Rxf4 g5 19. Raf1 Nh5 20. R4f2 gxh4 21.
Qe2 Qg5 22. Rf5 Bxf5 23. Rxf5 Qc1+ 24. Rf1 Qg5 25. Rf5 Qg6 26. Rxh5 Kh7 27.
Rxh4 Rg8 28. Rf4 Rg7 29. Nd1 Rag8 30. Ne3 Qg5 31. Qf2 Qe5 32. g3 Kh8 33. Nc4
Qe7 34. Qf3 Rf8  1/2-1/2

[Event "Eliminacje strefowe do OOM OP/SL - D13"]
[Site "OW Sudety Pokrzywna"]
[Date "2023.??.??"]
[Round "3.2"]
[White "Mrozek, Paulina"]
[Black "Slanina, Agnieszka"]
[Result "0-1"]
[BlackElo "1186"]
[EventDate "2023.??.??"]
[PlyCount "76"]
[WhiteElo "1198"]

1. e4 e5 2. Nf3 Nf6 3. Nc3 Bb4 4. Bc4 Nc6 5. d3 O-O 6. O-O d6 7. Bg5 Be6 8. Nd5
Bxd5 9. Bxd5 h6 10. Bh4 Qe7 11. c3 Ba5 12. Bxc6 bxc6 13. Qa4 Bb6 14. Qxc6 Qe6
15. Rfe1 Nh7 16. d4 f6 17. dxe5 fxe5 18. Qd5 Qxd5 19. exd5 g5 20. Bg3 Nf6 21.
c4 Rae8 22. Rad1 Bc5 23. a3 a5 24. Re2 Nh5 25. Rb1 Rb8 26. Nd2 Rb7 27. Ne4 Bxa3
28. Ra1 Bxb2 29. Rxa5 Bd4 30. Re1 Rfb8 31. Nd2 Rb2 32. Rb5 R8xb5 33. cxb5 Rxd2
34. Rf1 Bb6 35. Kh1 Rxd5 36. h3 Rxb5 37. Rd1 Nxg3+ 38. fxg3 Bf2  0-1

[Event "Eliminacje strefowe do OOM OP/SL - D13"]
[Site "OW Sudety Pokrzywna"]
[Date "2023.??.??"]
[Round "3.4"]
[White "Piotrowska, Jadwiga"]
[Black "Poloczek, Maja"]
[Result "1/2-1/2"]
[BlackElo "1189"]
[EventDate "2023.??.??"]
[PlyCount "89"]
[WhiteElo "1054"]

1. e4 e5 2. Nf3 Nc6 3. Nc3 Nf6 4. d4 Bb4 5. d5 Ne7 6. Bd3 d6 7. O-O O-O 8. h3 c6
9. dxc6 bxc6 10. Bd2 Ng6 11. Ne2 Bxd2 12. Qxd2 d5 13. Ng3 Re8 14. Rfe1 Qb6 15.
b3 Ba6 16. Bxa6 Qxa6 17. Qd3 Qxd3 18. cxd3 d4 19. Rac1 Nf4 20. Red1 Rac8 21.
Rc5 Nd7 22. Rc2 Re6 23. Nf5 g6 24. Ng3 c5 25. Kf1 a5 26. Ne2 Nh5 27. Ng5 Rf6
28. Nf3 Ng7 29. Nd2 Nb6 30. Nc4 Nxc4 31. bxc4 Rb6 32. a4 Rcb8 33. Ra1 Rb1+ 34.
Rxb1 Rxb1+ 35. Rc1 Rb3 36. f3 Ne8 37. Ra1 Rxd3 38. Ke1 Nc7 39. Ra2 f5 40. exf5
gxf5 41. Ng3 f4 42. Ne4 Ne6 43. Nf6+ Kg7 44. Nd7 Re3+ 45. Kd2  1/2-1/2

[Event "Eliminacje strefowe do OOM OP/SL - D13"]
[Site "OW Sudety Pokrzywna"]
[Date "2023.??.??"]
[Round "3.5"]
[White "Mamak, Malgorzata"]
[Black "Nowicka, Marlena"]
[Result "0-1"]
[BlackElo "1200"]
[EventDate "2023.??.??"]
[PlyCount "36"]
[WhiteElo "1159"]

1. d4 e6 2. c4 d5 3. cxd5 exd5 4. Nc3 c6 5. Bf4 f5 6. Nf3 Nf6 7. e3 Bd6 8. Bxd6
Qxd6 9. h3 O-O 10. Bd3 Ne4 11. Qc2 Be6 12. O-O Nd7 13. Nh4 Qe7 14. Nf3 Rae8 15.
Rab1 a6 16. Qb3 b5 17. a4 Ndf6 18. Ne5 Nd2  0-1

[Event "Eliminacje strefowe do OOM OP/SL - D13"]
[Site "OW Sudety Pokrzywna"]
[Date "2023.??.??"]
[Round "4.1"]
[White "Strzoda, Natalia"]
[Black "Slanina, Agnieszka"]
[Result "1-0"]
[BlackElo "1186"]
[EventDate "2023.??.??"]
[PlyCount "91"]
[WhiteElo "1249"]

1. e4 e5 2. Nf3 Nc6 3. d4 exd4 4. Bc4 h6 5. O-O Nf6 6. e5 d5 7. Bb5 Ne4 8. Nxd4
Bd7 9. Bxc6 Bxc6 10. Be3 Bd7 11. f3 Ng5 12. f4 Ne4 13. Nd2 Nxd2 14. Qxd2 c5 15.
Nb3 d4 16. Bf2 Be7 17. c3 c4 18. Nxd4 O-O 19. Be3 Qc7 20. Qf2 Rad8 21. Rae1
Rfe8 22. f5 Qxe5 23. Bxh6 Qf6 24. Bf4 Bc5 25. g4 Rc8 26. g5 Qxf5 27. Nxf5 Bxf2+
28. Kxf2 Bxf5 29. Re3 Be6 30. Rfe1 g6 31. Be5 Bg4 32. Kg3 Bh5 33. Kf4 a6 34.
Bd4 Rf8 35. Re7 b5 36. R1e3 Ra8 37. Ke5 Rfe8 38. Kd6 Red8+ 39. Kc7 Rdc8+ 40.
Kb6 Rcb8+ 41. Rb7 Rd8 42. Ree7 Rd6+ 43. Ka5 Bf3 44. Ra7 Rxa7 45. Re8+ Kh7 46.
Rh8#  1-0

[Event "Eliminacje strefowe do OOM OP/SL - D13"]
[Site "OW Sudety Pokrzywna"]
[Date "2023.??.??"]
[Round "4.2"]
[White "Nowicka, Marlena"]
[Black "Figa, Karolina"]
[Result "0-1"]
[BlackElo "1628"]
[EventDate "2023.??.??"]
[PlyCount "114"]
[WhiteElo "1200"]

1. d4 d5 2. b3 e6 3. Bb2 Nf6 4. e3 Be7 5. Bd3 O-O 6. Nf3 b6 7. O-O c5 8. Nbd2
Nc6 9. Qe2 Bb7 10. Ne5 Qc7 11. Rac1 Bd6 12. Ndf3 Nd7 13. Nxd7 Qxd7 14. a3 Qe7
15. c4 cxd4 16. cxd5 exd5 17. Nxd4 Nxd4 18. Bxd4 Bxa3 19. Bb2 Bxb2 20. Qxb2
Rac8 21. Rfd1 Rc5 22. b4 Rc6 23. Qb3 Rfc8 24. Rxc6 Rxc6 25. Qxd5 Rg6 26. Qd4
Rxg2+ 27. Kf1 Rxh2 28. Ke2 g6 29. b5 Qg5 30. Rc1 Bf3+ 31. Kd2 Rxf2+ 32. Kc3
Qc5+ 33. Qxc5 bxc5 34. Kb3 Be2 35. Bxe2 Rxe2 36. Rxc5 Rxe3+ 37. Kb4 Re7 38.
Rc8+ Kg7 39. Ra8 h5 40. Ka5 h4 41. Ka6 h3 42. Rxa7 Rxa7+ 43. Kxa7 h2 44. b6
h1=Q 45. b7 Qxb7+ 46. Kxb7 g5 47. Ka6 g4 48. Ka7 g3 49. Ka6 g2 50. Ka5 g1=Q 51.
Ka6 Qc5 52. Kb7 Kf8 53. Ka6 Ke7 54. Kb7 Kd7 55. Ka6 Qb4 56. Ka7 Kc7 57. Ka6
Qa4#  0-1

[Event "Eliminacje strefowe do OOM OP/SL - D13"]
[Site "OW Sudety Pokrzywna"]
[Date "2023.??.??"]
[Round "4.3"]
[White "Poloczek, Maja"]
[Black "Rduch, Diana"]
[Result "1/2-1/2"]
[BlackElo "1201"]
[EventDate "2023.??.??"]
[PlyCount "107"]
[WhiteElo "1189"]

1. e4 e6 2. d3 c5 3. Nf3 Nc6 4. g3 Nge7 5. Bg2 g6 6. O-O Bg7 7. Bf4 e5 8. Be3 d6
9. Nbd2 O-O 10. Re1 h6 11. h4 f5 12. Nf1 f4 13. Bd2 fxg3 14. fxg3 Bg4 15. N1h2
Be6 16. Qc1 Kh7 17. Nf1 Qd7 18. Ne3 Rf7 19. Rf1 Raf8 20. Qd1 Nd4 21. c3 Nxf3+
22. Bxf3 Ng8 23. Qe2 h5 24. g4 hxg4 25. Bxg4 Rf4 26. Bxe6 Qxe6 27. Ng2 Rxf1+
28. Rxf1 Rxf1+ 29. Qxf1 Qxa2 30. Qc1 Qe6 31. Be1 Bh6 32. Qd1 Nf6 33. Qf3 Kg7
34. Ne3 Bxe3+ 35. Qxe3 Qg4+ 36. Qg3 Qxg3+ 37. Bxg3 Nh5 38. Bh2 Kf6 39. Kf2 g5
40. hxg5+ Kxg5 41. Ke3 Nf6 42. Bg1 Nd7 43. d4 Kf6 44. Kd3 exd4 45. cxd4 Ke6 46.
Kc4 b6 47. b4 cxb4 48. Kxb4 Nf6 49. e5 dxe5 50. dxe5 Kxe5 51. Kb5 Nd5 52. Ka6
Ke4 53. Kxa7 b5 54. Bc5  1/2-1/2

[Event "Eliminacje strefowe do OOM OP/SL - D13"]
[Site "OW Sudety Pokrzywna"]
[Date "2023.??.??"]
[Round "4.6"]
[White "Kula, Helena"]
[Black "Mamak, Malgorzata"]
[Result "0-1"]
[BlackElo "1159"]
[EventDate "2023.??.??"]
[PlyCount "72"]
[WhiteElo "1015"]

1. e4 c5 2. Nf3 a6 3. c4 g6 4. Nc3 d6 5. d3 Bg7 6. Bd2 e6 7. a3 b5 8. Rb1 Qb6 9.
b4 Bd7 10. g3 Nf6 11. e5 dxe5 12. Nxe5 Qb7 13. Qf3 Qxf3 14. Nxf3 Bc6 15. Bg2
cxb4 16. Rxb4 bxc4 17. dxc4 O-O 18. O-O Rd8 19. Bf4 h6 20. Rfb1 Nfd7 21. Ne2
Be4 22. Rd1 Nc6 23. Rb7 Nc5 24. Rxd8+ Rxd8 25. Rc7 Rd1+ 26. Bf1 Bxf3 27. Rc8+
Kh7 28. Nc1 Bb2 29. Be3 Bxa3 30. Na2 Nb3 31. Nc3 Ra1 32. g4 Bc1 33. Bb6 Nd2 34.
Bd8 Nxd8 35. Rxd8 Nxf1 36. c5 Bf4  0-1

[Event "Eliminacje strefowe do OOM OP/SL - D13"]
[Site "OW Sudety Pokrzywna"]
[Date "2023.??.??"]
[Round "5.1"]
[White "Mrozek, Paulina"]
[Black "Strzoda, Natalia"]
[Result "1/2-1/2"]
[BlackElo "1249"]
[EventDate "2023.??.??"]
[PlyCount "80"]
[WhiteElo "1198"]

1. e4 c5 2. Nf3 Nc6 3. d4 cxd4 4. Nxd4 g6 5. Nc3 Bg7 6. Be3 Nf6 7. Bc4 O-O 8.
O-O d6 9. Qd2 Ng4 10. Nxc6 bxc6 11. Bf4 Rb8 12. Bb3 c5 13. f3 Ne5 14. Rab1 Ba6
15. Rfd1 Nc6 16. Bg5 Rb7 17. Nd5 Nd4 18. Ba4 Be2 19. Bc6 Nxc6 20. Qxe2 h6 21.
Qa6 Qc8 22. Be3 Kh7 23. b3 g5 24. Qd3 Ne5 25. Qd2 Ng6 26. Nc3 Qe6 27. Ne2 Be5
28. f4 gxf4 29. Nxf4 Nxf4 30. Bxf4 Bxf4 31. Qxf4 Rg8 32. Rf1 Rg7 33. Qf5+ Qg6
34. Qxg6+ Kxg6 35. c4 f6 36. Rbe1 a5 37. Re3 Rb8 38. Rg3+ Kh7 39. Rxg7+ Kxg7
40. Rf3 Ra8  1/2-1/2

[Event "Eliminacje strefowe do OOM OP/SL - D13"]
[Site "OW Sudety Pokrzywna"]
[Date "2023.??.??"]
[Round "5.3"]
[White "Slanina, Agnieszka"]
[Black "Poloczek, Maja"]
[Result "1-0"]
[BlackElo "1189"]
[EventDate "2023.??.??"]
[PlyCount "50"]
[WhiteElo "1186"]

1. d4 d5 2. c4 e6 3. e3 c6 4. Nf3 Nf6 5. Nc3 Nbd7 6. Bd3 dxc4 7. Bxc4 Bd6 8. O-O
b5 9. Bd3 a6 10. e4 Bc7 11. Bg5 e5 12. d5 Bb7 13. dxc6 Bxc6 14. b4 O-O 15. Rc1
Nb6 16. Qe2 Qd6 17. a3 Qe6 18. Rfd1 Rad8 19. Be3 Nc4 20. Ng5 Qc8 21. Bxc4 bxc4
22. Qxc4 Rxd1+ 23. Nxd1 Qa8 24. Bc5 Rc8 25. Qxf7+ Kh8  1-0

[Event "Eliminacje strefowe do OOM OP/SL - D13"]
[Site "OW Sudety Pokrzywna"]
[Date "2023.??.??"]
[Round "5.4"]
[White "Rduch, Diana"]
[Black "Nowicka, Marlena"]
[Result "1-0"]
[BlackElo "1200"]
[EventDate "2023.??.??"]
[PlyCount "83"]
[WhiteElo "1201"]

1. e4 e6 2. d4 d5 3. e5 c5 4. c3 Nc6 5. Nf3 Qb6 6. a3 a6 7. b4 cxd4 8. cxd4 Nge7
9. Bd3 Bd7 10. Be3 Ng6 11. Nbd2 Be7 12. O-O O-O 13. h4 Nxh4 14. Nxh4 Bxh4 15.
Qh5 h6 16. Qxh4 Rac8 17. Nb3 Na7 18. Rac1 Bb5 19. Bxb5 Nxb5 20. Nc5 Rfd8 21. a4
Nc7 22. Qg4 Kf8 23. Rc3 Qxb4 24. Rb3 Qc4 25. Rc1 Qxb3 26. Nxb3 b6 27. Bd2 a5
28. Rc3 Ne8 29. Qe2 Rxc3 30. Bxc3 Rc8 31. Bb2 Rc4 32. Ba3+ Kg8 33. Bd6 Kh8 34.
Qd3 g6 35. Nd2 Rc8 36. Qb5 Kg7 37. Qxb6 Ra8 38. Qc6 Rd8 39. Qb6 Ra8 40. Nb3 h5
41. Qb7 Rd8 42. Be7  1-0

[Event "Eliminacje strefowe do OOM OP/SL - D13"]
[Site "OW Sudety Pokrzywna"]
[Date "2023.??.??"]
[Round "5.5"]
[White "Piotrowska, Jadwiga"]
[Black "Kula, Helena"]
[Result "0-1"]
[BlackElo "1015"]
[EventDate "2023.??.??"]
[PlyCount "56"]
[WhiteElo "1054"]

1. e4 c5 2. Nf3 d6 3. d4 cxd4 4. Nxd4 Nf6 5. Nc3 Nc6 6. Bc4 Bd7 7. Be3 g6 8. O-O
Bg7 9. f3 Ne5 10. Bd3 O-O 11. Qe2 Rc8 12. Qd2 a6 13. Bh6 Qb6 14. Bxg7 Qxd4+ 15.
Qf2 Qxf2+ 16. Rxf2 Kxg7 17. f4 Nc6 18. h3 h5 19. Rf3 b5 20. Re3 e5 21. fxe5
dxe5 22. a4 Nd4 23. axb5 axb5 24. Rc1 Rc5 25. Kf2 Rfc8 26. Ne2 Nxc2 27. Nc3
Nxe3 28. Kxe3 b4  0-1

[Event "Eliminacje strefowe do OOM OP/SL - D13"]
[Site "OW Sudety Pokrzywna"]
[Date "2023.??.??"]
[Round "6.1"]
[White "Mrozek, Paulina"]
[Black "Figa, Karolina"]
[Result "0-1"]
[WhiteElo "1198"]
[BlackElo "1628"]
[PlyCount "82"]
[EventDate "2023.??.??"]

1. e4 c6 2. d4 d5 3. exd5 cxd5 4. Bd3 Nc6 5. c3 Nf6 6. Bf4 Bg4 7. Qc2 e6 8. Ne2
Bd6 9. Bg5 h6 10. Bh4 Bxe2 11. Qxe2 a6 12. Qf3 b5 13. Bxf6 gxf6 14. Nd2 b4 15.
Qe3 bxc3 16. bxc3 Ba3 17. Rb1 Qe7 18. Qe2 Qd6 19. Bxa6 Nxd4 20. cxd4 Rxa6 21.
Qb5+ Kf8 22. Qb8+ Kg7 23. Qxd6 Bxd6 24. Rb2 Rha8 25. O-O Rxa2 26. Rxa2 Rxa2 27.
Nf3 e5 28. dxe5 fxe5 29. g3 d4 30. Re1 f6 31. Rb1 Kf7 32. Rb3 Bc5 33. Rb5 Ba7
34. Rb7+ Ke6 35. Rb3 e4 36. Nxd4+ Bxd4 37. Rb4 Bxf2+ 38. Kf1 Kd5 39. Rb5+ Kc4
40. Rf5 Bd4 41. Rh5 e3 0-1

[Event "Eliminacje strefowe do OOM OP/SL - D13"]
[Site "OW Sudety Pokrzywna"]
[Date "2023.??.??"]
[Round "6.2"]
[White "Strzoda, Natalia"]
[Black "Piotrowska, Jadwiga"]
[Result "1-0"]
[WhiteElo "1249"]
[BlackElo "1054"]
[PlyCount "39"]
[EventDate "2023.??.??"]

1. e4 e5 2. Nf3 Nf6 3. Nxe5 d6 4. Nf3 Nxe4 5. Nc3 Nxc3 6. dxc3 Be7 7. Be3 O-O
8. Qd2 Nc6 9. O-O-O Be6 10. h4 h6 11. Bd3 Qd7 12. Kb1 Bf6 13. Bxh6 Rfe8 14. Be3
Ne5 15. Nxe5 Bxe5 16. Bf4 Bf6 17. f3 Kf8 18. g4 g6 19. h5 gxh5 20. Rxh5 1-0

[Event "Eliminacje strefowe do OOM OP/SL - D13"]
[Site "OW Sudety Pokrzywna"]
[Date "2023.??.??"]
[Round "6.3"]
[White "Slanina, Agnieszka"]
[Black "Rduch, Diana"]
[Result "1/2-1/2"]
[WhiteElo "1186"]
[BlackElo "1201"]
[PlyCount "66"]
[EventDate "2023.??.??"]

1. d4 e6 2. c4 f5 3. Nf3 Be7 4. b3 Nf6 5. Ba3 d6 6. g3 Nbd7 7. Bg2 O-O 8. O-O
e5 9. dxe5 dxe5 10. Bxe7 Qxe7 11. Nc3 c6 12. e3 Nb6 13. Qc2 e4 14. Nd4 c5 15.
Nde2 Rd8 16. Rad1 Be6 17. Bh3 h5 18. Rxd8+ Rxd8 19. Rd1 Kf7 20. Rxd8 Qxd8 21.
Qd1 Qxd1+ 22. Nxd1 g5 23. Kf1 Ke7 24. Ke1 Kd6 25. Kd2 Nbd7 26. Bg2 g4 27. Nf4
Ne5 28. Nc3 a6 29. Nce2 Nf3+ 30. Bxf3 exf3 31. Nc3 Ne4+ 32. Nxe4+ fxe4 33. Nxe6
Kxe6 1/2-1/2

[Event "Eliminacje strefowe do OOM OP/SL - D13"]
[Site "OW Sudety Pokrzywna"]
[Date "2023.??.??"]
[Round "6.4"]
[White "Poloczek, Maja"]
[Black "Mamak, Malgorzata"]
[Result "1-0"]
[WhiteElo "1189"]
[BlackElo "1159"]
[PlyCount "85"]
[EventDate "2023.??.??"]

1. e4 c5 2. Nf3 a6 3. Nc3 d6 4. d4 cxd4 5. Nxd4 Nf6 6. Bd3 e5 7. Nb3 d5 8. Nxd5
Nxd5 9. Bxa6 Rxa6 10. Qxd5 Qxd5 11. exd5 Bd6 12. c4 Bb4+ 13. Ke2 Bd7 14. a3 Ba4
15. Nd2 Bxd2 16. Bxd2 b5 17. c5 Bb3 18. d6 Nd7 19. Be3 Rc6 20. Rhc1 Bc4+ 21.
Ke1 Nxc5 22. Bxc5 Rxc5 23. b3 Kd7 24. bxc4 bxc4 25. a4 Kxd6 26. Kd2 Rb8 27. Rc2
Ra8 28. Kc3 Kc6 29. Rb2 Re8 30. Rb4 Kd5 31. a5 Re6 32. a6 Rc8 33. a7 Ree8 34.
Ra5+ Kd6 35. Rxc4 Ra8 36. Rca4 Ke6 37. Kc4 f5 38. Kb5 Kd7 39. Kb6 Kc8 40. Rc4+
Kd8 41. Rc7 Re6+ 42. Kb7 Rxa7+ 43. Rxa7 1-0